Вып. 48; Метеоритика

Détails bibliographiques
Parent link:Метеоритика: сборник статей/ Академия наук СССР (АН СССР), Комитет по метеоритам. Вып. 48.— , 1941-1990
Autres auteurs: Шуколюков Ю. А. (редактор)
Langue:russe
Publié: 1989
Sujets:
Format: MixedMaterials Livre
KOHA link:https://koha.lib.tpu.ru/cgi-bin/koha/opac-detail.pl?biblionumber=253445

MARC

LEADER 00000n m2a2200000 4500
001 253445
005 20231101232838.0
010 |a 5020006882 
035 |a (RuTPU)RU\TPU\book\275833 
035 |a RU\TPU\book\218336 
090 |a 253445 
100 |a 20140313d1989 k y0rusy50 ca 
101 0 |a rus 
102 |a RU 
105 |a a z 001zy 
200 0 |a Вып. 48  |f отв. ред. Ю. А. Щуколюков 
210 |d 1989 
215 |a 205 с.  |c ил. 
320 |a Библиогр. в конце ст. 
461 1 |0 (RuTPU)RU\TPU\book\211571  |t Метеоритика  |o сборник статей  |f Академия наук СССР (АН СССР), Комитет по метеоритам  |v Вып. 48  |d 1941-1990 
606 1 |a Метеоритика  |2 stltpush  |3 (RuTPU)RU\TPU\subj\72352  |9 85911 
610 1 |a метеориты 
610 1 |a вещество 
610 1 |a вещественный состав 
610 1 |a минералогия 
610 1 |a метеоритные кратеры 
610 1 |a импактиты 
675 |a 523.681  |v 3 
702 1 |a Шуколюков  |b Ю. А.  |4 340 
801 1 |a RU  |b 63413507  |c 20110903 
801 2 |a RU  |b 63413507  |c 20160422  |g RCR 
942 |c BK